| Поле | Инд. | ПП | Название | Значение |
|---|---|---|---|---|
| Тип записи | a | |||
| Библиографический уровень | a | |||
| 001 | Контрольный номер | c55710f2d484420888b25ca1383c0e3a | ||
| 005 | Дата корректировки | 20260703100001.8 | ||
| 040 | a | Служба первич. каталог. | 10013504 | |
| 041 | 0_ | a | Код языка текста | rus |
| 100 | 1_ | a | Автор | Бомас В.В. |
| q | Полное имя | Бомас Вадим Витольдович | ||
| 245 | 10 | a | Заглавие | К выбору критерия эффективности систем автоматического управления |
| 504 | a | Библиография | Библиогр.: с. 181 (2 назв.) | |
| 653 | 0_ | a | Ключевые слова | АВТОР МАИ |
| 773 | 18 | a | Заголовок основной записи | Московский авиационный институт им. С. Орджоникидзе |
| w | Контрольный № источника | fbfa3087e78d41ac9e797376397df740 | ||
| t | Название источника | Труды института | ||
| d | Место и дата издания | Москва : МАИ, 1970 | ||
| g | Прочая информация | Вып. 216. - С. 171-181 | ||
| 901 | t | Тип документа | a |